000 01295nam a2200337 a 4500
001 ebr10482154
003 CaPaEBR
006 m u
007 cr cn|||||||||
008 090209s2009 nyua sb 000 0 eng d
010 _z 2009005746
020 _z9781568988368 (alk. paper)
040 _aCaPaEBR
_cCaPaEBR
035 _a(OCoLC)769114568
050 1 4 _aNA2543.T43
_bF69 2009eb
082 0 4 _a729
_222
100 1 _aFox, Michael,
_d1967 Aug. 22-
245 1 0 _aInteractive architecture
_h[electronic resource] /
_cMichael Fox and Miles Kemp.
250 _a1st ed.
260 _aNew York :
_bPrinceton Architectural Press,
_cc2009.
300 _a256 p. :
_bcol. ill.
504 _aIncludes bibliographical references (p. 252-256).
533 _aElectronic reproduction.
_bPalo Alto, Calif. :
_cebrary,
_d2013.
_nAvailable via World Wide Web.
_nAccess may be limited to ebrary affiliated libraries.
650 0 _aArchitecture and technology.
650 0 _aIntelligent buildings.
650 0 _aArchitecture
_xTechnological innovations.
655 7 _aElectronic books.
_2local
700 1 _aKemp, Miles,
_d1979-
710 2 _aebrary, Inc.
856 4 0 _uhttp://site.ebrary.com/lib/rucke/Doc?id=10482154
_zAn electronic book accessible through the World Wide Web; click to view
999 _c121625
_d121625